000 00455nam a2200181Ia 4500
005 20250508160807.0
008 008 250505s9999 xx 000 0 hin d
037 _aTextual
040 _aFEDL
_beng
_cFEDL
041 _ahin
_2eng
084 _a915.4, SAN
_qFEDL
100 _aSankrityayan Kamla
_9395995
245 0 _aArunachal mizoram
260 _c1973
300 _a104p.
942 _cTEXL
_h915.4, SAN
999 _c1366663
_d1366663